| 000 | 01108nam a2200289 a 4500 | ||
|---|---|---|---|
| 001 | 967 | ||
| 003 | BR-CuiBMT | ||
| 005 | 20231124010205.0 | ||
| 008 | 231124s2000 spba 000 0 por d | ||
| 020 | _a9788522426621 | ||
| 040 |
_aBR-CuiBMT _cBR-CuiBMT |
||
| 080 |
_22007 _a658.15 _x(079.1) |
||
| 090 |
_a658.15(079.1) _bH669e _c7. ed. |
||
| 100 | 1 |
_aHirschfeld, Henrique, _d1927- |
|
| 245 | 1 | 0 |
_aEngenharia econômica e análise de custos : _baplicações práticas para economistas, engenheiros, analistas de investimentos e administradores / _cHenrique Hirschfeld. |
| 250 | _a7. ed., rev., atual. e ampl. | ||
| 260 |
_aSão Paulo : _bAtlas, _c2000. |
||
| 300 |
_a519 p. : _bil. ; _c24 cm _eInclui 1 CD-ROM. |
||
| 500 | _aContém 143 problemas resolvidos. | ||
| 500 | _aCom resolução de problemas com a calculadora HP-12C. | ||
| 504 | _aInclui bibliografia. | ||
| 590 | _aA biblioteca possui 11. reimpr. 2015. | ||
| 650 | _aAdministração financeira | ||
| 650 |
_aEngenharia econômica _vProblemas, exercícios etc. |
||
| 650 |
_aAnálise de custos _vProblemas, exercícios etc. |
||
| 942 |
_2udc _cLV |
||
| 999 |
_c967 _d967 |
||